Public relations, activism, and social change : speaking up / (Record no. 2613)

000 -LEADER
fixed length control field 01556cam a2200361 a 4500
001 - CONTROL NUMBER
control field 17453859
003 - CONTROL NUMBER IDENTIFIER
control field OSt
005 - DATE AND TIME OF LATEST TRANSACTION
control field 20160809113052.0
008 - FIXED-LENGTH DATA ELEMENTS--GENERAL INFORMATION
fixed length control field 120906s2013 nyu b 001 0 eng
010 ## - LIBRARY OF CONGRESS CONTROL NUMBER
LC control number 2012033454
020 ## - INTERNATIONAL STANDARD BOOK NUMBER
International Standard Book Number 9780415897068 (hardback : alk. paper)
020 ## - INTERNATIONAL STANDARD BOOK NUMBER
International Standard Book Number 0415897068 (hardback : alk. paper)
020 ## - INTERNATIONAL STANDARD BOOK NUMBER
International Standard Book Number 9780203078440 (ebook)
020 ## - INTERNATIONAL STANDARD BOOK NUMBER
International Standard Book Number 0203078446 (ebook)
040 ## - CATALOGING SOURCE
Original cataloging agency DLC
Transcribing agency DLC
Modifying agency DLC
042 ## - AUTHENTICATION CODE
Authentication code pcc
050 00 - LIBRARY OF CONGRESS CALL NUMBER
Classification number HM1221.D46 2013
082 00 - DEWEY DECIMAL CLASSIFICATION NUMBER
Classification number 659.2
Edition number 23
100 1# - MAIN ENTRY--PERSONAL NAME
Personal name Demetrious, Kristin,
Dates associated with a name 1958-
245 10 - TITLE STATEMENT
Title Public relations, activism, and social change : speaking up /
Statement of responsibility, etc Kristin Demetrious.
260 ## - PUBLICATION, DISTRIBUTION, ETC. (IMPRINT)
Place of publication, distribution, etc New York :
Name of publisher, distributor, etc Routledge,
Date of publication, distribution, etc 2013.
300 ## - PHYSICAL DESCRIPTION
Extent x, 180 p. ;
Dimensions 24 cm.
490 0# - SERIES STATEMENT
Series statement Routledge research in public relations ;
Volume number/sequential designation 2
504 ## - BIBLIOGRAPHY, ETC. NOTE
Bibliography, etc Includes bibliographical references (p. [161]-171) and index.
505 0# - FORMATTED CONTENTS NOTE
Formatted contents note What is public relations, where is public relations? -- Agents of social change and the dispersal of ideas -- No protest zone : public relations and the management of activism -- Worlds collide : public relations, activism and late modernity -- New social realities : grassroots activism and public relations -- Not public relations : sustainable communication.
650 #0 - SUBJECT ADDED ENTRY--TOPICAL TERM
Topical term or geographic name as entry element Public relations.
650 #0 - SUBJECT ADDED ENTRY--TOPICAL TERM
Topical term or geographic name as entry element Social movements.
650 #0 - SUBJECT ADDED ENTRY--TOPICAL TERM
Topical term or geographic name as entry element Social change.
700 ## - ADDED ENTRY--PERSONAL NAME
Personal name Demetrious Kristin
906 ## - LOCAL DATA ELEMENT F, LDF (RLIN)
a 7
b cbc
c orignew
d 1
e ecip
f 20
g y-gencatlg
942 ## - ADDED ENTRY ELEMENTS (KOHA)
Source of classification or shelving scheme
Koha item type Book
Holdings
Withdrawn status Lost status Source of classification or shelving scheme Damaged status Not for loan Home library Current library Shelving location Date acquired Total Checkouts Total Renewals Full call number Barcode Checked out Date last seen Date checked out Copy number Price effective from Koha item type
          Riara University Library Riara University Library General stack 09/08/2016 2 1 HM1221.D46 2013 7075/16 16/03/2024 29/02/2024 29/02/2024 C.1 09/08/2016 Book

Riara University Library,
P.O. Box 49940-00100,
Nairobi, Kenya.